00880nam a2200253 a 4500001001000000003000900010005001700019007000300036008004100039040002500080082002700105100003200132245008900164250001200253260003600265300002100301490002600322500007600348500006800424650006200492650002400554650002200578830002600600000045224DO-SdBNP20250624095821.0ta131204s1975 dr 000 0 spa d aDO-SdBNPbspacBNPHU 4a616.89bZ18m, 19752221 aZaglul, Antonio,d1920-199610aMis 500 locos :bmemorias del director de un manicomio /cAntonio Zaglul Elmúdesi. a4a. ed. aSanto Domingo :bTaller,c1975. a162 p. ;c21 cm. aBiblioteca tallerv17 aIncluye datos biográficos del autor en la solapa de la contracubierta aPerteneció a la biblioteca personal del Dr. Guaroa Ginebra H. 4aPsiquiatríaxCasos, historias clínicas, estadística 4aTrastornos mentales 4aEnfermos mentales 0aBiblioteca tallern17